[Event "Let's Play Chess!"]
[Site "http://www.queenalice.com/game.php?id=451934"]
[Date "2008.8.22"]
[Round "-"]
[White "minimindy"]
[Black "spawnwolfwolverine"]
[Result "1-0"]
[WhiteElo "1954"]
[BlackElo "1545"]

1. e4 e5 2. Nf3 d6 3. c3 Bg4 4. Be2 Nf6 5. O-O Be7 6. Re1 O-O 7. h3 Bh5 8. Bc4
c6 9. d4 b5 10. Bb3 a5 11. Bg5 Bxf3 12. Qxf3 a4 13. Bc2 Nbd7 14. Nd2 Nb6 15.
Rad1 Nc4 16. Nxc4 bxc4 17. dxe5 dxe5 18. Rxd8 Raxd8 19. Rd1 Rxd1+ 20. Bxd1 h6
21. Bxf6 Bxf6 22. Qe2 a3 23. bxa3 Ra8 24. a4 g5 25. Qxc4 Rc8 26. a5 c5 27. a6
Be7 28. a7 Kg7 29. Qa6 Ra8 30. Qb7 Rxa7 31. Qxa7 Bf6 32. Bh5 Be7 33. Qxe7 c4 34.
Qxf7+ Kh8 35. Bg6 h5 36. Qh7# 1-0

[Event "Let's Play Chess!"]
[Site "http://www.queenalice.com/game.php?id=451936"]
[Date "2008.8.22"]
[Round "-"]
[White "minimindy"]
[Black "spawnwolfwolverine"]
[Result "1-0"]
[WhiteElo "1956"]
[BlackElo "1495"]

1. e4 e5 2. Nf3 d6 3. Bc4 Bg4 4. O-O Nf6 5. Nc3 Bxf3 6. Qxf3 Be7 7. Nd5 O-O 8.
d3 c6 9. Nxe7+ Qxe7 10. Bg5 b5 11. Bb3 a5 12. c3 c5 13. d4 c4 14. Bc2 Nbd7 15.
Rad1 h6 16. Bh4 g5 17. Bg3 Nh7 18. dxe5 Nxe5 19. Bxe5 dxe5 20. Rd5 b4 21. Rfd1
bxc3 22. Rd7 Qf6 23. Qxc3 Rfc8 24. R7d6 Qg7 25. R1d5 f6 26. Rd7 Qg6 27. Rb7 Nf8
28. Rd6 Rd8 29. Rxd8 Rxd8 30. Qxc4+ Kh8 31. Bb3 Nd7 32. Qd5 Qe8 33. Ba4 Qe7 34.
Rxd7 Rxd7 35. Qxd7 Qxd7 36. Bxd7 Kg7 37. Be6 Kf8 38. a3 Ke7 39. Bd5 Kd6 40. b4
axb4 41. axb4 Kc7 42. b5 Kb6 43. Bc6 Kc7 44. g4 Kb6 45. Kg2 Kc5 46. Kg3 Kb6 47.
h4 Kc5 48. hxg5 hxg5 49. Kf3 Kb6 50. Ke3 Kc5 51. Kd3 Kb6 52. Kc4 Kc7 53. Kc5 Kc8
54. Kd6 Kd8 55. Ke6 Kc7 56. Kxf6 Kb6 57. Kxg5 Kc5 58. Kf5 Kb6 59. g5 Kc7 60. g6
Kb6 61. g7 Kc7 62. g8=Q Kb6 63. Qd5 Kc7 64. Qc5 Kd8 65. Qa7 Kc8 66. b6 Kd8 67.
Kxe5 1-0

[Event "Let's Play Chess!"]
[Site "http://www.queenalice.com/game.php?id=451937"]
[Date "2008.8.22"]
[Round "-"]
[White "spawnwolfwolverine"]
[Black "minimindy"]
[Result "0-1"]
[WhiteElo "1604"]
[BlackElo "1918"]

1. c4 c6 2. d3 d5 3. cxd5 cxd5 4. d4 Bf5 5. e3 Nc6 6. Bb5 a6 7. Bxc6+ bxc6 8.
Nf3 Nf6 9. O-O e6 10. Nc3 c5 11. Ne5 Bd6 12. f4 Qc7 13. a3 Ne4 14. Nxe4 Bxe4 15.
Qh5 O-O 16. b4 cxd4 17. exd4 Rac8 18. Be3 Qc3 19. Rfe1 Qb2 20. Qh3 Rc2 21. g3
Rg2+ 22. Kf1 Bxe5 23. dxe5 Bd3+ 24. Re2 Qxe2# 0-1

[Event "Let's Play Chess!"]
[Site "http://www.queenalice.com/game.php?id=451941"]
[Date "2008.8.22"]
[Round "-"]
[White "spawnwolfwolverine"]
[Black "minimindy"]
[Result "0-1"]
[WhiteElo "1543"]
[BlackElo "1956"]

1. e4 c6 2. d3 d5 3. exd5 cxd5 4. Nf3 Bg4 5. Be2 Bxf3 6. Bxf3 Nf6 7. O-O e6 8.
Bg5 Bd6 9. Nc3 a6 10. a3 O-O 11. b4 Qc7 12. g3 Qxc3 13. Bxf6 gxf6 14. Bg2 Nd7
15. f4 Rac8 16. Ra2 Kh8 17. h4 Rg8 18. Kh2 Qd4 19. h5 e5 20. fxe5 Qxe5 21. Rf3
Qxh5+ 22. Bh3 Ne5 23. Kg2 Nxf3 24. Qxf3 Qxf3+ 25. Kxf3 Rxg3+ 26. Ke2 Rxh3 27. c4
Rh2+ 28. Ke3 Rxa2 29. c5 Re8+ 30. Kd4 Be5+ 31. Kxd5 Rd2 32. c6 bxc6+ 33. Kxc6
Rxd3 34. b5 Rc8+ 35. Kb6 axb5 36. Kxb5 Rb3+ 37. Ka6 Ra8# 0-1

[Event "Let's Play Chess!"]
[Site "http://www.queenalice.com/game.php?id=451982"]
[Date "2008.8.22"]
[Round "-"]
[White "swordfish"]
[Black "minimindy"]
[Result "1-0"]
[WhiteElo "1708"]
[BlackElo "1893"]

1. e4 c6 2. f4 d5 3. exd5 cxd5 4. d4 Bf5 5. Nc3 Nf6 6. Bb5+ Nc6 7. h3 h6 8. g4
Bd7 9. Nf3 a6 10. Bd3 e6 11. Qe2 Bc8 12. f5 Bb4 13. Bd2 O-O 14. g5 exf5 15. gxf6
Re8 16. Ne5 Nxe5 17. dxe5 gxf6 18. Rg1+ Kf8 19. O-O-O Qa5 20. Bxh6+ Ke7 21.
exf6+ Kd7 22. Bxf5+ Kd8 23. Rxd5+ 1-0

[Event "Let's Play Chess!"]
[Site "http://www.queenalice.com/game.php?id=452069"]
[Date "2008.8.22"]
[Round "-"]
[White "Slazenger"]
[Black "minimindy"]
[Result "0-1"]
[WhiteElo "1671"]
[BlackElo "1946"]

1. d4 d5 2. Nc3 Bf5 3. f3 e6 4. Bf4 Nf6 5. g4 Bg6 6. Bg5 h6 7. Bf4 c5 8. e3 cxd4
9. exd4 Nc6 10. Bb5 a6 11. Bxc6+ bxc6 12. a3 c5 13. Nge2 Rc8 14. dxc5 Bxc5 15.
Nd4 O-O 16. Qd2 Re8 17. Be3 e5 18. Nf5 Bxf5 19. Bxc5 Rxc5 20. gxf5 e4 21. fxe4
Nxe4 22. Qd4 Nxc3+ 23. Kd2 Rc4 24. Qg1 Qf6 25. bxc3 Qxc3+ 0-1

[Event "Let's Play Chess!"]
[Site "http://www.queenalice.com/game.php?id=452070"]
[Date "2008.8.23"]
[Round "-"]
[White "minimindy"]
[Black "Pedro_tdi"]
[Result "0-1"]
[WhiteElo "1986"]
[BlackElo "1744"]

1. e4 e5 2. Nf3 Nc6 3. Bb5 a6 4. Ba4 d6 5. O-O Nf6 6. Re1 g6 7. d4 b5 8. Bb3 Bg7
9. c3 Bb7 10. Nbd2 O-O 11. Nf1 Qd7 12. Ng3 Rfe8 13. Bg5 h6 14. dxe5 Nxe5 15.
Nxe5 dxe5 16. Qxd7 Nxd7 0-1

[Event "Let's Play Chess!"]
[Site "http://www.queenalice.com/game.php?id=453472"]
[Date "2008.8.26"]
[Round "-"]
[White "trajan42"]
[Black "minimindy"]
[Result "1-0"]
[WhiteElo "2149"]
[BlackElo "1914"]

1. d4 c6 2. c4 d5 3. cxd5 cxd5 4. Nc3 Bf5 5. Nf3 Nf6 6. e3 a6 7. Qb3 Qc7 8. Nxd5
Nxd5 9. Qxd5 e6 10. Qb3 Bd6 11. Bd3 Bxd3 12. Qxd3 Nc6 13. Bd2 O-O 14. Rc1 Qb6
15. Ng5 g6 16. Ne4 Be7 17. Qb3 Qxb3 18. axb3 Rac8 19. Nc5 1-0

[Event "Let's Play Chess!"]
[Site "http://www.queenalice.com/game.php?id=453477"]
[Date "2008.8.26"]
[Round "-"]
[White "minimindy"]
[Black "trajan42"]
[Result "0-1"]
[WhiteElo "1921"]
[BlackElo "2144"]

1. e4 e6 2. d4 d5 3. Nd2 c5 4. c3 Nc6 5. Ngf3 Be7 6. e5 cxd4 7. cxd4 Qb6 8. Nb3
a5 9. Be3 a4 10. Nbd2 Qxb2 11. Be2 Ba3 12. O-O Nge7 13. Qb1 Nb4 14. Qxb2 Bxb2
15. Rab1 a3 16. Nb3 Nxa2 17. Bb5+ Bd7 18. Bxd7+ Kxd7 19. Nc5+ Kc7 20. Rbe1 Nc3
0-1

[Event "Let's Play Chess!"]
[Site "http://www.queenalice.com/game.php?id=453974"]
[Date "2008.8.26"]
[Round "-"]
[White "minimindy"]
[Black "michas"]
[Result "1-0"]
[WhiteElo "1927"]
[BlackElo "1815"]

1. e4 a6 2. d4 b5 3. Nf3 Bb7 4. Bd3 Nf6 5. O-O Nxe4 6. Re1 Nf6 7. Bg5 e6 8. Nc3
Be7 9. h3 Nd5 10. Nxd5 Bxg5 11. Nxc7+ Qxc7 12. Nxg5 Qc6 13. Be4 Qc7 14. Qf3 f6
15. Bxb7 Ra7 16. Nxe6 dxe6 17. Rxe6+ Kf7 18. Bd5 Kf8 19. Rae1 Qc8 20. Rxf6+ gxf6
21. Qxf6+ Rf7 22. Qxf7# 1-0

[Event "Let's Play Chess!"]
[Site "http://www.queenalice.com/game.php?id=453975"]
[Date "2008.8.26"]
[Round "-"]
[White "michas"]
[Black "minimindy"]
[Result "0-1"]
[WhiteElo "1855"]
[BlackElo "1939"]

1. h4 e5 2. h5 d5 3. h6 Nc6 4. hxg7 Bxg7 5. e3 Bf5 6. Qh5 Bg6 7. Qh4 Bf6 8. Qh2
Bxc2 9. Nc3 Qd7 10. d3 d4 11. Kd2 dxc3+ 12. Kxc2 Nb4+ 13. Kxc3 Nxd3 14. Bxd3 e4+
15. Kd2 Qxd3+ 16. Ke1 O-O-O 17. Qh3+ Kb8 18. Bd2 Qxd2+ 19. Kf1 Bxb2 20. Rb1 Qd3+
21. Ne2 Qxb1+ 22. Nc1 Qxc1+ 23. Ke2 Qd2+ 24. Kf1 Qd1# 0-1

[Event "Challenge"]
[Site "http://www.queenalice.com/game.php?id=454954"]
[Date "2008.8.28"]
[Round "-"]
[White "attachui"]
[Black "minimindy"]
[Result "1-0"]
[WhiteElo "1909"]
[BlackElo "2002"]

1. d4 c6 2. c4 d5 3. Nc3 Nf6 4. Bg5 Bf5 5. e3 e6 6. Bd3 Bxd3 7. Qxd3 Bd6 8. c5
Bc7 9. Nf3 Nbd7 10. O-O O-O 11. e4 Re8 12. e5 h6 13. Bh4 g5 14. Nxg5 hxg5 15.
Bxg5 Nxe5 16. dxe5 Bxe5 17. Rae1 Bxh2+ 18. Kh1 Kg7 19. Bxf6+ Qxf6 20. Kxh2 Rh8+
21. Kg1 Qh6 22. Qg3+ Kf8 23. Qh3 Qg7 24. Qf3 Qh6 25. Qh3 Qg7 26. Qg3 Qxg3 27.
fxg3 Kg7 28. Rf4 Rad8 29. Re5 Rh6 30. Rg5+ Rg6 31. Rxg6+ Kxg6 32. Kf2 e5 33. Ra4
a6 34. Rb4 d4 35. Ne4 f5 36. Nd6 d3 37. Ke3 e4 38. Rxb7 Rg8 39. g4 f4+ 40. Kd2
Kh6 41. Nxe4 Rxg4 42. Rh7+ 1-0

[Event "AUTO-ADV-1033"]
[Site "http://www.queenalice.com/game.php?id=461336"]
[Date "2008.9.10"]
[Round "1"]
[White "reibas"]
[Black "minimindy"]
[Result "1-0"]
[WhiteElo "1757"]
[BlackElo "1863"]

1. e4 c6 2. Nf3 d5 3. exd5 cxd5 4. g3 Bg4 5. Be2 Bh3 6. Bf1 Bxf1 7. Rxf1 Nf6 8.
d4 e6 9. Nc3 Bb4 10. Bd2 Nc6 11. Qe2 O-O 12. O-O-O Qb6 13. Ne5 Nxd4 14. Qd3 Nc6
15. f4 Rac8 16. h3 1-0

[Event "AUTO-ADV-1033"]
[Site "http://www.queenalice.com/game.php?id=461337"]
[Date "2008.9.10"]
[Round "1"]
[White "minimindy"]
[Black "reibas"]
[Result "1-0"]
[WhiteElo "1982"]
[BlackElo "1630"]

1. e4 e5 2. Nf3 Nc6 3. Bb5 d6 4. O-O Nf6 5. Re1 Bd7 6. c3 a6 7. Ba4 b5 8. Bb3 h6
9. d4 exd4 10. cxd4 Be7 11. Nc3 O-O 12. e5 Nh7 13. Nd5 f5 14. Nxe7+ Kh8 15. Ng6#
1-0

[Event "AUTO-ADV-1046"]
[Site "http://www.queenalice.com/game.php?id=466291"]
[Date "2008.9.21"]
[Round "1"]
[White "reibas"]
[Black "minimindy"]
[Result "1-0"]
[WhiteElo "1711"]
[BlackElo "1909"]

1. e4 c6 2. Nc3 d5 3. exd5 cxd5 4. d4 Nf6 5. Bf4 Bf5 6. Bd3 Bxd3 7. Qxd3 e6 8.
Nf3 Bb4 9. Qb5+ Nc6 10. Qxb7 Rc8 11. O-O 1-0

[Event "AUTO-ADV-1046"]
[Site "http://www.queenalice.com/game.php?id=466292"]
[Date "2008.9.21"]
[Round "1"]
[White "minimindy"]
[Black "reibas"]
[Result "0-1"]
[WhiteElo "1885"]
[BlackElo "1735"]

1. e4 e5 2. Nf3 Nc6 3. Bb5 d6 4. O-O Ne7 5. d4 Bd7 6. dxe5 dxe5 7. Nc3 a6 8. Bc4
h6 9. Be3 Ng6 10. Nd5 Nge7 0-1

[Event "AUTO-ADV-1046"]
[Site "http://www.queenalice.com/game.php?id=466303"]
[Date "2008.9.21"]
[Round "1"]
[White "ramy"]
[Black "minimindy"]
[Result "1-0"]
[WhiteElo "1565"]
[BlackElo "1773"]

1. d4 d5 2. c4 c6 3. e3 e6 4. Nc3 Nf6 5. Nf3 Bb4 6. Bd2 Nbd7 7. a3 Bd6 8. cxd5
exd5 9. Bd3 O-O 10. O-O Nb6 11. Qc2 Nc4 12. Bxc4 dxc4 13. Ne2 b5 14. Rab1 Bg4
15. Ng3 c5 16. dxc5 Bxc5 17. Bc3 1-0

[Event "AUTO-ADV-1046"]
[Site "http://www.queenalice.com/game.php?id=466304"]
[Date "2008.9.21"]
[Round "1"]
[White "minimindy"]
[Black "ramy"]
[Result "0-1"]
[WhiteElo "1799"]
[BlackElo "1539"]

1. e4 e6 2. d4 d5 3. Nd2 Nc6 4. Ngf3 Nf6 5. e5 Nd7 6. c3 Be7 7. Bd3 O-O 8. O-O
b6 9. Re1 Bb7 10. Qc2 h6 11. Nf1 Re8 12. Ng3 Nf8 13. Be3 f6 14. exf6 Bxf6 15.
Nh5 Nd7 16. Bg6 Rf8 0-1